Tilastot visalle Albania-visa

Klikkaa tästä pelataksesi tätä visaa!

Yleistilastot

  • Tätä visaa on pelattu 50 kertaa
  • Keskiarvotulos 13 / 20

Vastaustilastot

VihjeVastaus% Oikein
NaapurimaatMontenegro
100%
NaapurimaatKosovo
95%
PääkaupunkiTirana
93%
NaapurimaatPohjois-Makedonia
93%
NaapurimaatKreikka
90%
Albanian kansallissymboliKotka
88%
Albanian yleisin uskontoIslam
88%
Valtio joka miehitti Albanian 1939Italia
85%
Valtakunta, jonka osana Albania oli 1480–1912Osmanien valtakunta
75%
Nobelin rauhanpalkinnon saanut nunnaÄiti Teresa
73%
Välimeren osat, joiden rannalla Albania sijaitseeAdrianmeri
70%
Albanian diktaattori 1944–1985Enver Hoxha
48%
Välimeren osat, joiden rannalla Albania sijaitseeJoonianmeri
48%
ValuuttaLek
45%
Toiseksi suurin kaupunkiDurrës
40%
Eteläisen Euroopan syvin ja vanhin järvi,
maailmanperintökohde
Ohridjärvi
35%
Albanian 1400-luvulla elänyt kansallissankari,
kutsutaan myös nimellä "Albanian lohikäärme"
Skanderbeg
33%
Noin 500 vuotta ennen ajanlaskua nimellä Aulōn
perustettu yksi maan vanhimmista ja suurimmista kaupungeista
Vlorë
30%
Albanian ainoa kuningas 1928–1939Zogu I
30%
Balkanin suurin järviSkutarijärvi
28%

Tulosjakauma

Persentiili vastausten määrän mukaan

Jokaisen tuloksen saaneiden osuus

Tuloshistoriasi

Et ole pelannut tätä visaa